<?xml version="1.0" encoding="UTF-8"?>
<record
    xmlns:xsi="http://www.w3.org/2001/XMLSchema-instance"
    xsi:schemaLocation="http://www.loc.gov/MARC21/slim http://www.loc.gov/standards/marcxml/schema/MARC21slim.xsd"
    xmlns="http://www.loc.gov/MARC21/slim">

  <leader>01974nas a2200277Ia 4500</leader>
  <controlfield tag="001">R053-S7922</controlfield>
  <controlfield tag="003">IT-CnALBA</controlfield>
  <controlfield tag="008">170116c99999999xx ||||||||||||   ||und||</controlfield>
  <datafield tag="040" ind1=" " ind2=" ">
    <subfield code="a">IT-CnALBA</subfield>
    <subfield code="c">IT-CnALBA</subfield>
  </datafield>
  <datafield tag="041" ind1=" " ind2=" ">
    <subfield code="a">ITALIANO</subfield>
  </datafield>
  <datafield tag="100" ind1=" " ind2=" ">
    <subfield code="a">ANDREATTA STEFANO</subfield>
  </datafield>
  <datafield tag="210" ind1=" " ind2=" ">
    <subfield code="a">JESUS </subfield>
  </datafield>
  <datafield tag="222" ind1=" " ind2=" ">
    <subfield code="a">JESUS </subfield>
  </datafield>
  <datafield tag="245" ind1=" " ind2="0">
    <subfield code="a">JESUS CULTURA E ATTUALIT&#xC0; CRISTIANA. FEBBRAIO 1992. INSEGNAMENTO DELLA RELIGIONE A SCUOLA. DISACCORDO ITALIA. </subfield>
  </datafield>
  <datafield tag="250" ind1=" " ind2=" ">
    <subfield code="a">1a ed.</subfield>
  </datafield>
  <datafield tag="260" ind1=" " ind2=" ">
    <subfield code="a">CINISELLO BALSAMO (MI)</subfield>
    <subfield code="b">PERIODICI SAN PAOLO ED. </subfield>
    <subfield code="c">1992 [1&#xB0; Ed.:1992 - Ed.Ling.Originale: 1992]</subfield>
  </datafield>
  <datafield tag="300" ind1=" " ind2=" ">
    <subfield code="a">98 p. </subfield>
  </datafield>
  <datafield tag="310" ind1=" " ind2=" ">
    <subfield code="a">MENSILE</subfield>
  </datafield>
  <datafield tag="362" ind1=" " ind2=" ">
    <subfield code="a">Fascicolo: 2 / Anno: 14 (1992)</subfield>
  </datafield>
  <datafield tag="500" ind1=" " ind2=" ">
    <subfield code="a">INCHIESTA ISPES. TROPPE LE DIOCESI IN ITALIA. JOSEPH BERAN, OMAGGIO OSTOPOLITIK. SULLE SPALLE DI MARX. INCONTRO PER CONOSCENZA. CASO CRISTO. STORIE DI DONNE. MESSORI V. LA SFIDA A SINISTRA, SANTINI A. ASIA MINORE. TERRA SANTA DELLA CHIESA. GAETA S. IL DIO NASCOSTO LOQUACE NEL SILENZIO. BERAN UN PROTAGONISTA DELLA POLITICA DELL'EST, STRAZZARI FR. INTERVISTA A SUOR ALENA, SPIATE DA UNO SPECCHIO. RELIGIOSI E SUORE PRIMI NEL CAPIRE IL SUD. CONSACRAZIONE RELIGIOSA SPOSA. IL RITO DELLA VERGINI. BIBBIA ASSENTE DALLE SCUOLE, GRANDE ASSURDITA'. </subfield>
  </datafield>
  <datafield tag="501" ind1=" " ind2=" ">
    <subfield code="a">Societ&#xE0; San Paolo EM - Piazza San Paolo, 14 - 12051 ALBA (CN)  (non commercial uses only) &#xAE; Copyright 2017</subfield>
  </datafield>
  <datafield tag="520" ind1=" " ind2=" ">
    <subfield code="a">INCHIESTA ISPES. TROPPE LE DIOCESI IN ITALIA. JOSEPH BERAN, OMAGGIO OSTOPOLITIK. SULLE SPALLE DI MARX. INCONTRO PER CONOSCENZA. CASO CRISTO. STORIE DI DONNE. MESSORI V. LA SFIDA A SINISTRA, SANTINI A. ASIA MINORE. TERRA SANTA DELLA CHIESA. GAETA S. IL DIO NASCOSTO LOQUACE NEL SILENZIO. BERAN UN PROTAGONISTA DELLA POLITICA DELL'EST, STRAZZARI FR. INTERVISTA A SUOR ALENA, SPIATE DA UNO SPECCHIO. RELIGIOSI E SUORE PRIMI NEL CAPIRE IL SUD. CONSACRAZIONE RELIGIOSA SPOSA. IL RITO DELLA VERGINI. BIBBIA ASSENTE DALLE SCUOLE, GRANDE ASSURDITA'. </subfield>
  </datafield>
  <datafield tag="650" ind1=" " ind2=" ">
    <subfield code="a">SCIENZE UMANE E RELIGIOSE</subfield>
  </datafield>
  <datafield tag="942" ind1=" " ind2=" ">
    <subfield code="c">CR</subfield>
  </datafield>
  <datafield tag="957" ind1=" " ind2=" ">
    <subfield code="7">1</subfield>
  </datafield>
  <datafield tag="999" ind1=" " ind2=" ">
    <subfield code="a">77481</subfield>
    <subfield code="b">NO</subfield>
    <subfield code="g">1</subfield>
    <subfield code="c">335467</subfield>
    <subfield code="d">335467</subfield>
  </datafield>
  <datafield tag="952" ind1=" " ind2=" ">
    <subfield code="0">0</subfield>
    <subfield code="1">0</subfield>
    <subfield code="4">0</subfield>
    <subfield code="6">R_053S7922</subfield>
    <subfield code="7">1</subfield>
    <subfield code="a">ALBA</subfield>
    <subfield code="b">ALBA</subfield>
    <subfield code="d">2017-01-16</subfield>
    <subfield code="l">0</subfield>
    <subfield code="o">R053-S7922</subfield>
    <subfield code="r">2017-01-16 00:00:00</subfield>
    <subfield code="w">2017-01-16</subfield>
    <subfield code="y">CR</subfield>
    <subfield code="z">(data import: 16 gennaio 2017) - By Epidotti, Vaglietti. </subfield>
  </datafield>
</record>
